[Event "Niedersachsen-ch Seniors op 14th"]
[Site "Bad Bevensen"]
[Date "2011.07.11"]
[Round "7"]
[White "Jesse, Gustav"]
[Black "Berg, Gerd"]
[Result "0-1"]
[WhiteElo "1639"]
[BlackElo "1437"]
[PlyCount "46"]
[EventDate "2011.07.05"]
[EventType "swiss"]
[EventRounds "9"]
[EventCountry "GER"]
[SourceTitle "EXT 2012"]
[Source "ChessBase"]
[SourceDate "2011.11.24"]
[SourceVersion "1"]
[SourceVersionDate "2011.11.24"]
[SourceQuality "1"]

1. e4 c5 2. Nf3 d6 3. d4 cxd4 4. Nxd4 Nc6 5. Nc3 a6 6. Be2 e6 7. 0-0 Be7 8. Be3 Nf6 9. f4 Nxd4 10. Bxd4 b5 11. Bd3 Bb7 12. e5 dxe5 13. Bxe5 Qb6+ 14. Kh1 Rd8 15. Qe2 0-0 16. f5 Bd5 17. Nxd5 exd5 18. g4 Bc5 19. g5 Ne4 20. Bxe4 dxe4 21. Qxe4 Rfe8 22. Qf4 Qc6+ 23. Rf3 Rxe5 0-1

[Event "Berlin-ch Seniors op 27th"]
[Site "Berlin"]
[Date "2011.02.04"]
[Round "7"]
[White "Maier Arnold, Heinrich"]
[Black "Berg, Gerd"]
[Result "1-0"]
[WhiteElo "1598"]
[BlackElo "1423"]
[PlyCount "109"]
[EventDate "2011.01.29"]
[EventType "swiss"]
[EventRounds "9"]
[EventCountry "GER"]
[SourceTitle "EXT 2012"]
[Source "ChessBase"]
[SourceDate "2011.11.24"]
[SourceVersion "1"]
[SourceVersionDate "2011.11.24"]
[SourceQuality "1"]

1. d4 Nf6 2. c4 e6 3. Nc3 d5 4. Nf3 Be7 5. Bf4 c6 6. e3 Nbd7 7. Bd3 dxc4 8. Bxc4 0-0 9. 0-0 Nb6 10. Bd3 Nbd5 11. Bg3 h6 12. e4 Nxc3 13. bxc3 Nh5 14. Ne5 Nxg3 15. fxg3 Bf6 16. Ng4 Be7 17. e5 f5 18. Ne3 Qe8 19. Qb3 Kh8 20. c4 Bg5 21. Nc2 b6 22. Rae1 Bd7 23. h4 Be7 24. Ne3 b5 25. c5 a5 26. Bb1 a4 27. Qd3 Bd8 28. g4 Bxh4 29. gxf5 Bxe1 30. fxe6 Rxf1+ 31. Kxf1 Qg8 32. exd7 Bh4 33. Qg6 Rf8+ 34. Bf5 Bg5 35. Ng4 Qc4+ 36. Kg1 Qxd4+ 37. Nf2 Rxf5 38. Qxf5 Be3 39. e6 Bxf2+ 40. Qxf2 Qd1+ 41. Qf1 Qd4+ 42. Qf2 Qd1+ 43. Kh2 Qh5+ 44. Kg3 Qg5+ 45. Kh3 Qh5+ 46. Qh4 Qf5+ 47. Qg4 Qd3+ 48. Qf3 Qd4 49. Qf8+ Kh7 50. d8Q Qe3+ 51. Qf3 Qxe6+ 52. Kh2 Qe5+ 53. Qg3 Qh5+ 54. Qdh4 Qf5 55. Qhg4 1-0

[Event "Berlin-ch Seniors op 27th"]
[Site "Berlin"]
[Date "2011.01.31"]
[Round "3"]
[White "Herrmann, Eberhard"]
[Black "Berg, Gerd"]
[Result "1-0"]
[WhiteElo "1746"]
[BlackElo "1423"]
[PlyCount "65"]
[EventDate "2011.01.29"]
[EventType "swiss"]
[EventRounds "9"]
[EventCountry "GER"]
[SourceTitle "EXT 2012"]
[Source "ChessBase"]
[SourceDate "2011.11.24"]
[SourceVersion "1"]
[SourceVersionDate "2011.11.24"]
[SourceQuality "1"]

1. e4 c5 2. d3 e5 3. f4 exf4 4. Bxf4 Ne7 5. Nf3 h6 6. Nc3 Nbc6 7. Be2 Ng6 8. Bg3 d6 9. 0-0 Nce5 10. Qd2 Be7 11. Kh1 Nxf3 12. Bxf3 Bh4 13. Bh5 Bxg3 14. Bxg6 fxg6 15. hxg3 Be6 16. Nd5 Qd7 17. Qa5 Rc8 18. Qxa7 Rc6 19. Qa5 Qd8 20. Qb5 Qd7 21. Rae1 Rf8 22. Nf4 Rf6 23. e5 dxe5 24. Nxe6 Rfxe6 25. Re4 Qc7 26. Ra4 Ke7 27. Ra8 Rf6 28. Re1 Rf5 29. g4 Rf4 30. Qb3 Rcf6 31. Rxe5+ Qxe5 32. Qxb7+ Kd6 33. Ra6# 1-0

[Event "Berlin-ch Seniors op 27th"]
[Site "Berlin"]
[Date "2011.01.29"]
[Round "1"]
[White "Grunow, Werner"]
[Black "Berg, Gerd"]
[Result "1-0"]
[WhiteElo "1775"]
[BlackElo "1423"]
[PlyCount "65"]
[EventDate "2011.01.29"]
[EventType "swiss"]
[EventRounds "9"]
[EventCountry "GER"]
[SourceTitle "EXT 2012"]
[Source "ChessBase"]
[SourceDate "2011.11.24"]
[SourceVersion "1"]
[SourceVersionDate "2011.11.24"]
[SourceQuality "1"]

1. d4 Nf6 2. c4 e6 3. Bg5 Be7 4. Nc3 d5 5. e3 0-0 6. Nf3 Nbd7 7. Bd3 c5 8. 0-0 dxc4 9. Bxc4 Re8 10. Re1 a6 11. a4 Nb6 12. Bd3 cxd4 13. exd4 Nfd5 14. Bxe7 Qxe7 15. Be4 Nf6 16. Bc2 Qc7 17. Rc1 g6 18. Qd2 Qd8 19. h3 Nbd5 20. Ne4 Qe7 21. Ne5 Nxe4 22. Bxe4 Nf6 23. Bf3 Ra7 24. Rc2 Nd7 25. Ng4 f5 26. Ne3 Qg5 27. Rec1 Nb6 28. a5 Nd5 29. Rxc8 Rxc8 30. Rxc8+ Kg7 31. Bxd5 exd5 32. Qb4 f4 33. Qf8# 1-0

[Event "Berlin Eckbauer op 13th"]
[Site "Berlin"]
[Date "2010.10.04"]
[Round "4.30"]
[White "Berg, Gerd"]
[Black "Gnass, Erhard"]
[Result "1/2-1/2"]
[WhiteElo "1677"]
[BlackElo "1481"]
[PlyCount "129"]
[EventDate "2010.09.13"]
[EventType "swiss"]
[EventRounds "7"]
[EventCountry "GER"]
[SourceTitle "EXT 2022"]
[Source "ChessBase"]
[SourceDate "2021.10.06"]
[SourceVersion "1"]
[SourceVersionDate "2021.10.06"]
[SourceQuality "1"]

1. c4 Nf6 2. Nc3 c5 3. g3 e5 4. Bg2 Nc6 5. d3 Be7 6. Nf3 0-0 7. 0-0 d6 8. a3 Bg4 9. h3 Bxf3 10. Bxf3 Qd7 11. Bg2 Rab8 12. Kh2 Nd4 13. b4 b6 14. b5 Qf5 15. Nd5 Nxd5 16. Bxd5 Ne6 17. Bf3 Ng5 18. Bg4 Qg6 19. f4 f5 20. Bf3 Nxf3+ 21. exf3 Bf6 22. Ra2 Qf7 23. fxe5 Bxe5 24. f4 Bd4 25. Re2 Rfe8 26. Rfe1 Rxe2+ 27. Rxe2 Re8 28. Qe1 Rxe2+ 29. Qxe2 h6 30. Qf3 Qe6 31. Qd5 Kf7 32. Bd2 Qxd5 33. cxd5 Bb2 34. a4 Ba3 35. a5 Bb4 36. axb6 axb6 37. Bc1 Bc3 38. Kg2 Kf6 39. Kf3 g6 40. g4 Bd4 41. g5+ hxg5 42. fxg5+ Kf7 43. Bf4 Ke7 44. Bg3 Bg7 45. Bf2 Kf7 46. Be1 Bd4 47. Bd2 Ke7 48. Be1 Bg7 49. h4 Kf7 50. Bg3 Ke7 51. Bf4 Bf8 52. Bd2 Bg7 53. Be3 Kf7 54. Bf2 Ke7 55. Ke2 Be5 56. Kd1 Kf7 57. Kc2 Ke7 58. Kb3 Kd7 59. Kc4 Kc7 60. d4 cxd4 61. Bxd4 Bxd4 62. Kxd4 Kd7 63. Ke3 Ke7 64. Kf4 Kf7 65. Kf3 1/2-1/2

[Event "Berlin Lichtenberger op 9th"]
[Site "Berlin"]
[Date "2010.08.10"]
[Round "4"]
[White "Berg, Gerd"]
[Black "Kiesewetter, Peter"]
[Result "0-1"]
[WhiteElo "1677"]
[BlackElo "1887"]
[PlyCount "90"]
[EventDate "2010.08.07"]
[EventType "swiss"]
[EventRounds "9"]
[EventCountry "GER"]
[SourceTitle "CBM 137 Extra"]
[Source "ChessBase"]
[SourceDate "2010.09.01"]
[SourceVersion "1"]
[SourceVersionDate "2010.09.01"]
[SourceQuality "1"]

1. c4 Nf6 2. Nc3 e5 3. d3 d5 4. cxd5 Nxd5 5. Bd2 c5 6. a3 Nc6 7. Rb1 Be6 8. Nf3 Be7 9. e4 Nb6 10. Na4 0-0 11. b4 cxb4 12. axb4 f6 13. Nc5 Qc8 14. Nxe6 Qxe6 15. Qb3 Qxb3 16. Rxb3 Rfd8 17. Be2 Rac8 18. 0-0 g5 19. g4 h5 20. gxh5 g4 21. Nh4 Nd4 22. Bxg4 Nxb3 23. Be6+ Kh7 24. Bf5+ Kg7 25. h6+ Kf7 26. Bg6+ Ke6 27. Bf5+ Kd6 28. Bxc8 Nxd2 29. Nf5+ Kc7 30. Rc1+ Kb8 31. Nxe7 Nf3+ 32. Kh1 Ng5 33. h4 Nf7 34. h7 Nxc8 35. Rxc8+ Rxc8 36. Nxc8 Kxc8 37. Kg2 Kd7 38. Kf3 Ke7 39. Kg4 Kf8 40. Kf5 Kg7 41. Ke6 Nd8+ 42. Kd7 Nc6 43. b5 Nd4 44. Kc7 Nxb5+ 45. Kxb7 a5 0-1

[Event "Berlin Lichtenberger op 9th"]
[Site "Berlin"]
[Date "2010.08.09"]
[Round "3"]
[White "Albinus, Guenter"]
[Black "Berg, Gerd"]
[Result "1/2-1/2"]
[WhiteElo "1847"]
[BlackElo "1677"]
[PlyCount "52"]
[EventDate "2010.08.07"]
[EventType "swiss"]
[EventRounds "9"]
[EventCountry "GER"]
[SourceTitle "CBM 137 Extra"]
[Source "ChessBase"]
[SourceDate "2010.09.01"]
[SourceVersion "1"]
[SourceVersionDate "2010.09.01"]
[SourceQuality "1"]

1. e4 c5 2. Nf3 d6 3. d4 cxd4 4. Nxd4 Nc6 5. Nc3 a6 6. Be2 e6 7. Bf3 Be7 8. Be3 Qc7 9. 0-0 Ne5 10. Be2 Nc4 11. Bc1 b5 12. Nf3 Bf6 13. Qd3 Ne5 14. Nxe5 Bxe5 15. Bd2 Bb7 16. Bf3 Ne7 17. Nd1 0-0 18. Bc3 Ng6 19. g3 Rac8 20. Rc1 Rfd8 21. Bg2 d5 22. exd5 Bxd5 23. Bxd5 Rxd5 24. Qe2 Bxc3 25. Nxc3 Re5 26. Qf3 Rf5 1/2-1/2

[Event "Berlin Lichtenberger op 9th"]
[Site "Berlin"]
[Date "2010.08.07"]
[Round "2"]
[White "Berg, Gerd"]
[Black "Metin, Altug"]
[Result "0-1"]
[WhiteElo "1677"]
[BlackElo "1748"]
[PlyCount "76"]
[EventDate "2010.08.07"]
[EventType "swiss"]
[EventRounds "9"]
[EventCountry "GER"]
[SourceTitle "CBM 137 Extra"]
[Source "ChessBase"]
[SourceDate "2010.09.01"]
[SourceVersion "1"]
[SourceVersionDate "2010.09.01"]
[SourceQuality "1"]

1. c4 Nf6 2. Nc3 g6 3. d4 Bg7 4. Nf3 0-0 5. e4 d6 6. Be2 Nbd7 7. Be3 Ng4 8. Qc2 Nxe3 9. fxe3 e5 10. Rd1 b6 11. dxe5 Nxe5 12. 0-0 Be6 13. Nd5 Ng4 14. Rd3 Nf6 15. Nxf6+ Bxf6 16. e5 Be7 17. Nd4 Bd7 18. Bf3 dxe5 19. Bxa8 exd4 20. Be4 dxe3 21. Qe2 Bc5 22. Bc6 Bg4 23. Bf3 Bxf3 24. Rxf3 Qxd3 25. Qxd3 e2+ 26. Kh1 e1Q+ 27. Rf1 Re8 28. Qf3 Re7 29. g3 Qe4 30. Kg2 Qxf3+ 31. Kxf3 Re3+ 32. Kg4 Re2 33. h3 Rxb2 34. Rd1 Rc2 35. Rd7 Rxc4+ 36. Kg5 Kg7 37. g4 Bd6 38. Kh4 Ra4 0-1

[Event "Berlin Lichtenberger op 9th"]
[Site "Berlin"]
[Date "2010.08.07"]
[Round "1"]
[White "Kirchhof, Arno"]
[Black "Berg, Gerd"]
[Result "1-0"]
[WhiteElo "2048"]
[BlackElo "1677"]
[PlyCount "87"]
[EventDate "2010.08.07"]
[EventType "swiss"]
[EventRounds "9"]
[EventCountry "GER"]
[SourceTitle "CBM 137 Extra"]
[Source "ChessBase"]
[SourceDate "2010.09.01"]
[SourceVersion "1"]
[SourceVersionDate "2010.09.01"]
[SourceQuality "1"]

1. d4 Nf6 2. c4 e6 3. Nc3 Bb4 4. e3 Nc6 5. Bd3 0-0 6. Bd2 d5 7. Nf3 dxc4 8. Bxc4 Bxc3 9. Bxc3 Ne4 10. 0-0 a6 11. Qc2 Nxc3 12. Qxc3 Qd6 13. a3 Ne7 14. Rac1 b5 15. Ba2 Ra7 16. Qc5 Qxc5 17. Rxc5 Rd8 18. Rfc1 c6 19. Ne5 Bb7 20. g4 Raa8 21. f4 Nd5 22. Bxd5 exd5 23. Nxc6 Re8 24. Kf2 Bxc6 25. Rxc6 Kf8 26. R1c5 Re6 27. Rxe6 fxe6 28. Rc7 Re8 29. Kf3 Re7 30. Rxe7 Kxe7 31. e4 g6 32. b4 dxe4+ 33. Kxe4 Kd6 34. g5 Ke7 35. Ke5 Kd7 36. Kf6 Kd6 37. Kg7 Kd5 38. Kxh7 Kxd4 39. Kxg6 Kc4 40. Kf6 Kb3 41. g6 Ka4 42. g7 Kb3 43. g8Q Ka4 44. Qxe6 1-0

[Event "Niedersachsen-ch Seniors op 13th"]
[Site "Bad Bevensen"]
[Date "2010.07.06"]
[Round "1"]
[White "Berg, Gerd"]
[Black "Klein, Leo"]
[Result "0-1"]
[WhiteElo "1393"]
[BlackElo "1791"]
[PlyCount "82"]
[EventDate "2010.07.06"]
[EventType "swiss"]
[EventRounds "9"]
[EventCountry "GER"]
[SourceTitle "EXT 2012"]
[Source "ChessBase"]
[SourceDate "2011.11.24"]
[SourceVersion "1"]
[SourceVersionDate "2011.11.24"]
[SourceQuality "1"]

1. c4 d6 2. Nc3 Nf6 3. d4 c6 4. e4 Nbd7 5. Be2 e5 6. Nf3 Be7 7. 0-0 Qc7 8. Be3 Nf8 9. d5 Ng6 10. Nd2 Nf4 11. Rc1 Nxe2+ 12. Qxe2 Ng4 13. h3 Nxe3 14. Qxe3 c5 15. f4 exf4 16. Qxf4 0-0 17. Qf2 Bf6 18. Nf3 a6 19. Rc2 b6 20. Ne2 Qe7 21. Ng3 g6 22. Rd2 Bg7 23. Qe3 f5 24. Qf4 fxe4 25. Qxe4 Ra7 26. Qxe7 Rxe7 27. Kh1 Bh6 28. Rc2 Bf4 29. Ne2 Bf5 30. Nxf4 Bxc2 31. Ne6 Rf6 32. Nd2 Rxf1+ 33. Nxf1 Bf5 34. Ne3 Bxe6 35. dxe6 Rxe6 36. Nd5 b5 37. cxb5 axb5 38. Nc7 Re1+ 39. Kh2 b4 40. Nd5 Re2 41. Nb6 Rxb2 0-1

[Event "Zehlendorf op"]
[Site "Berlin"]
[Date "2010.06.03"]
[Round "4"]
[White "Nuristani, Akbar"]
[Black "Berg, Gerd"]
[Result "1-0"]
[WhiteElo "1941"]
[BlackElo "1677"]
[PlyCount "133"]
[EventDate "2010.05.06"]
[EventType "swiss"]
[EventRounds "7"]
[EventCountry "GER"]
[SourceTitle "EXT 2022"]
[Source "ChessBase"]
[SourceDate "2021.10.06"]
[SourceVersion "1"]
[SourceVersionDate "2021.10.06"]
[SourceQuality "1"]

1. Nf3 Nf6 2. d4 e6 3. g3 Nc6 4. Bg2 d5 5. 0-0 Be7 6. c4 Bd7 7. cxd5 exd5 8. Nc3 Bf5 9. a3 0-0 10. b4 Ne4 11. Bb2 Nxc3 12. Bxc3 Bf6 13. Qb3 Re8 14. Rfe1 a6 15. Rad1 Ne7 16. Nd2 c6 17. e4 dxe4 18. Nxe4 Nd5 19. Nxf6+ Nxf6 20. Rxe8+ Qxe8 21. d5 Bg4 22. Re1 Qd8 23. dxc6 bxc6 24. Bxc6 Rc8 25. Bxf6 Qxf6 26. Bg2 h6 27. h3 Be6 28. Qa4 Qc3 29. Re3 Qc1+ 30. Kh2 Rc2 31. Qe8+ Kh7 32. Be4+ g6 33. Bxc2 Qxc2 34. Rf3 Bd5 35. Rxf7+ Bxf7 36. Qxf7+ Kh8 37. Qe8+ Kg7 38. Qe7+ Kh8 39. Qc5 Qa2 40. Qe3 Kh7 41. g4 Qc2 42. Kg3 Qc7+ 43. Kg2 Qc2 44. Qa7+ Kh8 45. Qxa6 Qe4+ 46. Kg1 Qb1+ 47. Qf1 Qb3 48. b5 Qxa3 49. f3 Qc5+ 50. Kg2 Kh7 51. Qb1 Qb6 52. h4 Qe6 53. Qb2 Qb6 54. Qb3 Qd6 55. Qc2 Qb4 56. Qe2 Qc5 57. Qd3 Qa7 58. h5 Qa2+ 59. Kg3 Qa1 60. Qxg6+ Kh8 61. Qxh6+ Kg8 62. Qe3 Qf6 63. b6 Qd6+ 64. f4 Qc6 65. g5 Qb7 66. h6 Qf7 67. Qc3 1-0

[Event "Zehlendorf op"]
[Site "Berlin"]
[Date "2010.05.06"]
[Round "1"]
[White "Berg, Gerd"]
[Black "Hoffmann, Michael"]
[Result "0-1"]
[WhiteElo "1677"]
[BlackElo "2511"]
[PlyCount "92"]
[EventDate "2010.05.06"]
[EventType "swiss"]
[EventRounds "7"]
[EventCountry "GER"]
[SourceTitle "EXT 2022"]
[Source "ChessBase"]
[SourceDate "2021.10.06"]
[SourceVersion "1"]
[SourceVersionDate "2021.10.06"]
[SourceQuality "1"]

1. c4 e6 2. Nc3 d5 3. cxd5 exd5 4. d4 c6 5. e3 Nf6 6. Be2 Bd6 7. Bf3 0-0 8. Bd2 Qe7 9. Qb3 Na6 10. a3 Bf5 11. Rc1 Rae8 12. Nge2 Bc8 13. 0-0 Nc7 14. Qc2 Bg4 15. Bxg4 Nxg4 16. g3 f5 17. h3 Nf6 18. Qd1 Ne6 19. f4 g6 20. Rf2 Ng7 21. Rg2 Kh8 22. Kh2 h6 23. Ng1 g5 24. fxg5 hxg5 25. Nf3 g4 26. Nh4 Qf7 27. Qh1 Qh5 28. Kg1 Bxg3 29. Ng6+ Qxg6 30. Rxg3 Ngh5 31. hxg4 Kg7 32. Rg2 Nxg4 33. Ne2 Rh8 34. Qh3 Kf7 35. Qf3 Nhf6 36. Nf4 Qh6 37. Kf1 Nh2+ 38. Rxh2 Qxh2 39. Qg2 Reg8 40. Qxh2 Rxh2 41. Rd1 Ne4 42. Be1 Ng3+ 43. Bxg3 Rxg3 44. Nd3 Rxe3 45. Kg1 Rhe2 46. Rf1 Rxd3 0-1

[Event "Berlin qualification op"]
[Site "Berlin"]
[Date "2010.04.03"]
[Round "1"]
[White "Ritter, Stefan"]
[Black "Berg, Gerd"]
[Result "1-0"]
[WhiteElo "2022"]
[BlackElo "1678"]
[PlyCount "45"]
[EventDate "2010.04.03"]
[EventType "swiss"]
[EventRounds "9"]
[EventCountry "GER"]
[SourceTitle "EXT 2012"]
[Source "ChessBase"]
[SourceDate "2011.11.24"]
[SourceVersion "1"]
[SourceVersionDate "2011.11.24"]
[SourceQuality "1"]

1. e4 c5 2. c3 Qa5 3. Nf3 Nc6 4. Bc4 b5 5. Bd5 Qc7 6. 0-0 e6 7. Bxc6 Qxc6 8. Re1 d6 9. d4 Be7 10. d5 Qc7 11. a4 Bd7 12. axb5 Bxb5 13. c4 Bd7 14. dxe6 Bxe6 15. Nc3 Qc6 16. Qd3 Nf6 17. Nd5 Bxd5 18. exd5 Qc8 19. Nh4 g6 20. Rxe7+ Kxe7 21. Bg5 Re8 22. Qc3 Kd7 23. Qxf6 1-0

[Event "Berlin-ch Seniors op 26th"]
[Site "Berlin"]
[Date "2010.02.17"]
[Round "9"]
[White "Laurisch, Werner"]
[Black "Berg, Gerd"]
[Result "0-1"]
[WhiteElo "1613"]
[BlackElo "1474"]
[PlyCount "56"]
[EventDate "2010.02.09"]
[EventType "swiss"]
[EventRounds "9"]
[EventCountry "GER"]
[SourceTitle "EXT 2012"]
[Source "ChessBase"]
[SourceDate "2011.11.24"]
[SourceVersion "1"]
[SourceVersionDate "2011.11.24"]
[SourceQuality "1"]

1. e4 c5 2. Bc4 e6 3. Nc3 a6 4. a4 b6 5. Nf3 Nc6 6. 0-0 Be7 7. d4 cxd4 8. Nxd4 Bb7 9. Be3 Nf6 10. e5 Nxe5 11. Bb3 0-0 12. Nce2 Rc8 13. c3 Nd5 14. Bd2 Qc7 15. Rc1 Nd3 16. Rb1 Bd6 17. g3 Ne5 18. Bc2 Nc4 19. Be1 Bc5 20. Qd3 Nf6 21. Qxc4 e5 22. Nf5 Bxf2+ 23. Rxf2 Qxc4 24. Ne7+ Kh8 25. Nxc8 Qc6 26. Kf1 Rxc8 27. Rc1 Ng4 28. b3 Ne3+ 0-1

[Event "Berlin-ch Seniors op 26th"]
[Site "Berlin"]
[Date "2010.02.15"]
[Round "7"]
[White "Prix, Siegfried"]
[Black "Berg, Gerd"]
[Result "0-1"]
[WhiteElo "1640"]
[BlackElo "1474"]
[PlyCount "120"]
[EventDate "2010.02.09"]
[EventType "swiss"]
[EventRounds "9"]
[EventCountry "GER"]
[SourceTitle "EXT 2012"]
[Source "ChessBase"]
[SourceDate "2011.11.24"]
[SourceVersion "1"]
[SourceVersionDate "2011.11.24"]
[SourceQuality "1"]

1. e4 c5 2. c4 Nc6 3. Nf3 d6 4. d4 Bg4 5. dxc5 dxc5 6. Be2 Qxd1+ 7. Bxd1 Bxf3 8. Bxf3 Ne5 9. Be2 0-0-0 10. 0-0 e6 11. Nc3 Ne7 12. Be3 N7c6 13. f4 Nd3 14. Bxd3 Rxd3 15. Kf2 Be7 16. Rad1 Rhd8 17. Rxd3 Rxd3 18. Ke2 Rd7 19. e5 f5 20. exf6 gxf6 21. g4 f5 22. g5 Bf8 23. Rf3 b6 24. h4 Bg7 25. Rh3 Nd4+ 26. Kf2 Nc2 27. h5 Bd4 28. Bxd4 Rxd4 29. Ne2 Rd2 30. h6 Rd8 31. Kg3 Nd4 32. Nxd4 cxd4 33. Kf2 Rg8 34. Rd3 e5 35. fxe5 Rxg5 36. Rxd4 Rh5 37. Kg3 Rxh6 38. Rd6 Rxd6 39. exd6 Kd7 40. Kf4 Kxd6 41. Kxf5 Kc5 42. Kg5 Kxc4 43. Kh6 Kd3 44. Kxh7 Kc2 45. b4 Kc3 46. Kg6 Kxb4 47. Kf5 Ka3 48. Ke4 Kxa2 49. Kd3 a5 50. Kc4 Ka3 51. Kc3 b5 52. Kc2 Ka2 53. Kc3 b4+ 54. Kc2 b3+ 55. Kc3 a4 56. Kc4 Kb2 57. Kb4 a3 58. Kc4 a2 59. Kb4 a1Q 60. Kc4 Qa4+ 0-1

[Event "Berlin-ch Seniors op 26th"]
[Site "Berlin"]
[Date "2010.02.13"]
[Round "5"]
[White "Berg, Gerd"]
[Black "Papenhagen, Walter"]
[Result "1-0"]
[WhiteElo "1474"]
[BlackElo "1538"]
[PlyCount "59"]
[EventDate "2010.02.09"]
[EventType "swiss"]
[EventRounds "9"]
[EventCountry "GER"]
[SourceTitle "EXT 2012"]
[Source "ChessBase"]
[SourceDate "2011.11.24"]
[SourceVersion "1"]
[SourceVersionDate "2011.11.24"]
[SourceQuality "1"]

1. c4 d6 2. Nc3 Nf6 3. d4 g6 4. Nf3 Bg7 5. e3 0-0 6. Be2 c6 7. 0-0 Qc7 8. Bd2 Nbd7 9. Rc1 e5 10. Ng5 h6 11. dxe5 Nxe5 12. Nge4 Ne8 13. f4 Nd7 14. Qb3 Ndf6 15. Bf3 Be6 16. Nxf6+ Nxf6 17. Ne4 Nd7 18. Bc3 f6 19. Rfd1 d5 20. cxd5 Bf7 21. Bb4 Rfe8 22. Nd6 c5 23. Nxf7 Kh7 24. d6 Qb6 25. Bc3 Qxb3 26. axb3 Rxe3 27. Bxb7 Rf8 28. Bd5 Nb6 29. Bc4 Nd7 30. Re1 1-0

[Event "Berlin-ch Seniors op 26th"]
[Site "Berlin"]
[Date "2010.02.11"]
[Round "3"]
[White "Berg, Gerd"]
[Black "Schroeder, Gert"]
[Result "1-0"]
[WhiteElo "1474"]
[BlackElo "1124"]
[PlyCount "53"]
[EventDate "2010.02.09"]
[EventType "swiss"]
[EventRounds "9"]
[EventCountry "GER"]
[SourceTitle "EXT 2012"]
[Source "ChessBase"]
[SourceDate "2011.11.24"]
[SourceVersion "1"]
[SourceVersionDate "2011.11.24"]
[SourceQuality "1"]

1. c4 Nf6 2. Nc3 d5 3. cxd5 Nxd5 4. Qb3 e6 5. Nf3 Bb4 6. Nxd5 Bxd2+ 7. Bxd2 exd5 8. Qe3+ Be6 9. Ng5 Qc8 10. Nxe6 fxe6 11. g3 Nc6 12. Bh3 Nd8 13. Bb4 a5 14. Bc3 Rg8 15. Rd1 c6 16. 0-0 b5 17. Qd3 g6 18. Bf6 Nf7 19. Qe3 Nd8 20. Bxd8 Qxd8 21. Qxe6+ Kf8 22. Qxc6 d4 23. Qc5+ Kf7 24. Rxd4 Qe8 25. Rf4+ Kg7 26. Qd4+ Kh6 27. Rh4+ 1-0

[Event "Berlin Eckbauer op 12th"]
[Site "Berlin"]
[Date "2009.10.12"]
[Round "5.18"]
[White "Ziems, Michael"]
[Black "Berg, Gerd"]
[Result "1-0"]
[WhiteElo "1743"]
[BlackElo "1657"]
[PlyCount "53"]
[EventDate "2009.09.14"]
[EventType "swiss"]
[EventRounds "7"]
[EventCountry "GER"]
[SourceTitle "EXT 2022"]
[Source "ChessBase"]
[SourceDate "2021.10.06"]
[SourceVersion "1"]
[SourceVersionDate "2021.10.06"]
[SourceQuality "1"]

1. d4 Nf6 2. c4 e6 3. Nc3 Bb4 4. e3 0-0 5. Nf3 d5 6. Qb3 Nc6 7. Be2 dxc4 8. Bxc4 Nd5 9. Be2 a5 10. 0-0 Bxc3 11. bxc3 b6 12. e4 Nde7 13. Rd1 Ba6 14. Bxa6 Rxa6 15. Qb5 Qa8 16. Ba3 a4 17. d5 Ra5 18. Qc4 b5 19. Qf1 Re8 20. dxc6 Nxc6 21. Rd7 Qb8 22. Rad1 h6 23. Qe1 Qb6 24. Qd2 Raa8 25. Qf4 Nd8 26. Be7 f6 27. Bxf6 1-0

[Event "Berlin Lichtenberger op 8th"]
[Site "Berlin"]
[Date "2009.08.16"]
[Round "3"]
[White "Engelhardt, Erhard"]
[Black "Berg, Gerd"]
[Result "1-0"]
[WhiteElo "1818"]
[BlackElo "1657"]
[PlyCount "121"]
[EventDate "2009.08.15"]
[EventType "swiss"]
[EventRounds "9"]
[EventCountry "GER"]
[SourceTitle "CBM 131 Extra"]
[Source "ChessBase"]
[SourceDate "2009.09.03"]
[SourceVersion "2"]
[SourceVersionDate "2009.09.16"]
[SourceQuality "1"]

1. Nc3 Nf6 2. Nf3 e6 3. d4 d5 4. Bg5 Be7 5. e3 0-0 6. Bd3 Nc6 7. a3 a5 8. 0-0 b6 9. Bxf6 Bxf6 10. Bb5 Bd7 11. Re1 Na7 12. Bxd7 Qxd7 13. Ne2 Nc6 14. Ng3 g6 15. c3 Bg7 16. e4 dxe4 17. Rxe4 a4 18. Qc2 Ra5 19. Rd1 Ne7 20. Ne5 Bxe5 21. dxe5 Rd5 22. Red4 Rxd4 23. Rxd4 Qb5 24. f4 Qc5 25. Ne4 Qc6 26. Nf2 Nd5 27. Qxa4 Qxa4 28. Rxa4 Rd8 29. Rd4 c5 30. Rd2 Ra8 31. g3 Kg7 32. Ne4 Ra4 33. Nd6 Kf8 34. Re2 Ra8 35. Kf2 Ne7 36. Rd2 Rb8 37. Ke2 Kg7 38. Nc4 Nd5 39. Ne3 Nxe3 40. Kxe3 Kf8 41. Rd6 Ke7 42. Kd3 b5 43. Kc2 f6 44. b3 fxe5 45. fxe5 Rf8 46. Rd2 Rf1 47. Re2 Rf3 48. Kb2 Ke8 49. a4 bxa4 50. bxa4 c4 51. a5 Rf7 52. Ka3 Rb7 53. Rb2 Rc7 54. Rb6 Kd7 55. Kb4 Ra7 56. Kb5 h5 57. a6 g5 58. Rb8 Rc7 59. Rh8 h4 60. gxh4 gxh4 61. Rh7+ 1-0

[Event "Bad Bevensen Seniors op 12th"]
[Site "Bad Bevensen"]
[Date "2009.07.13"]
[Round "7"]
[White "Schneidereit, Manfred"]
[Black "Berg, Gerd"]
[Result "1-0"]
[WhiteElo "1544"]
[BlackElo "1415"]
[PlyCount "93"]
[EventDate "2009.07.07"]
[EventType "swiss"]
[EventRounds "9"]
[EventCountry "GER"]
[SourceTitle "EXT 2022"]
[Source "ChessBase"]
[SourceDate "2021.10.06"]
[SourceVersion "1"]
[SourceVersionDate "2021.10.06"]
[SourceQuality "1"]

1. e4 c5 2. Bc4 e6 3. Nf3 Nc6 4. c3 Nf6 5. Qc2 Na5 6. Be2 d6 7. 0-0 Bd7 8. Re1 e5 9. h3 b5 10. c4 bxc4 11. Bxc4 Nxc4 12. Qxc4 Be6 13. Qa4+ Qd7 14. Qc2 Be7 15. Ng5 0-0 16. Nxe6 Qxe6 17. Nc3 Rab8 18. d3 d5 19. Bg5 d4 20. Na4 Nd7 21. Bxe7 Qxe7 22. b3 Rfc8 23. Nb2 Nb6 24. Qd2 Rc6 25. Rf1 Rg6 26. f4 exf4 27. Qxf4 Re8 28. Qd2 h6 29. Rf3 Rf6 30. Raf1 Rxf3 31. Rxf3 Qc7 32. Qc1 Qd6 33. Rf5 Rc8 34. Nc4 Nxc4 35. Qxc4 Qe7 36. b4 Rc7 37. Rxc5 Rd7 38. a3 Qh4 39. Qc1 Qg3 40. Qf1 Qe3+ 41. Kh2 g6 42. Qf6 Rd8 43. Qxd8+ Kg7 44. Qc7 h5 45. Qe5+ Kh7 46. Rc8 g5 47. Qh8+ 1-0

[Event "Bad Bevensen Seniors op 12th"]
[Site "Bad Bevensen"]
[Date "2009.07.11"]
[Round "5"]
[White "Berg, Gerd"]
[Black "Farin, Friedrich"]
[Result "1-0"]
[WhiteElo "1415"]
[BlackElo "1259"]
[PlyCount "107"]
[EventDate "2009.07.07"]
[EventType "swiss"]
[EventRounds "9"]
[EventCountry "GER"]
[SourceTitle "EXT 2022"]
[Source "ChessBase"]
[SourceDate "2021.10.06"]
[SourceVersion "1"]
[SourceVersionDate "2021.10.06"]
[SourceQuality "1"]

1. c4 g6 2. d4 Bg7 3. Nf3 Nf6 4. Nc3 d6 5. e3 0-0 6. Be2 b6 7. 0-0 Bb7 8. Bd2 Nbd7 9. Qc2 c6 10. b4 Qc7 11. Rac1 e5 12. dxe5 dxe5 13. h3 a6 14. Rfd1 Rae8 15. Ng5 e4 16. Ngxe4 Nxe4 17. Nxe4 f5 18. Nc3 Nf6 19. Bf3 Nd7 20. Ne2 Ne5 21. Nd4 Nxf3+ 22. Nxf3 c5 23. Ne1 Be4 24. Qa4 Qb7 25. Bc3 Bh6 26. Rd7 Qa8 27. Qd1 f4 28. exf4 Rxf4 29. Bd2 Rh4 30. Bxh6 Rxh6 31. Qd6 Bf5 32. Qd5+ Kh8 33. Qxa8 Rxa8 34. Rd6 Rb8 35. bxc5 bxc5 36. Rxa6 Bc8 37. Rc6 Rb5 38. Nf3 Bd7 39. Rd6 Rb7 40. Re1 Bxh3 41. gxh3 Rxh3 42. Kg2 Rh5 43. Rh1 Rf5 44. Rxg6 h5 45. Ng5 Rh7 46. Nxh7 Kxh7 47. Rc6 Kg7 48. Rb1 Rg5+ 49. Kf1 Kh7 50. Rb7+ Rg7 51. Rxg7+ Kxg7 52. Rxc5 Kg6 53. Kg2 Kh6 54. a4 1-0